| 000 | 00511nam a2200133Ia 4500 | ||
|---|---|---|---|
| 008 | 220216s9999 xx 000 0 und d | ||
| 100 | _aHong L T | ||
| 245 | 0 | _aPresent and potential uses of rubberwood- Opportunities and future directions | |
| 260 |
_bIn: Proceedings of the International Forum on Investment Opportunities in the Rubber Wood Industry, 20-22 September 1993, Kuala Lumpur, Malaysia, pp.33-42. _c1993 |
||
| 650 | _aMalaysia | ||
| 650 | _aRubbewood | ||
| 700 | _aSalleh Bin Mohd Nor | ||
| 942 | _cBO | ||
| 999 |
_c48221 _d48221 |
||